[Event "Lvov Vasylyshyn Memorial (Women)"]
[Site "Lvov"]
[Date "2010.11.30"]
[Round "8"]
[White "Hryhorenko, Nataliya"]
[Black "Buksa, Nataliya"]
[Result "1-0"]
[WhiteElo "2344"]
[BlackElo "1943"]
[PlyCount "33"]
[EventDate "2010.11.23"]
[EventType "tourn"]
[EventRounds "9"]
[EventCountry "UKR"]
[SourceTitle "CBM 139 Extra"]
[Source "ChessBase"]
[SourceDate "2011.01.05"]
[SourceVersion "1"]
[SourceVersionDate "2011.01.05"]
[SourceQuality "1"]

1. d4 Nf6 2. Nf3 d5 3. c4 e6 4. g3 dxc4 5. Bg2 c5 6. 0-0 Nc6 7. Ne5 Bd7 8. Na3 cxd4 9. Naxc4 Bc5 10. Qb3 Qc8 11. Bf4 Nd5 12. Nd3 Nxf4 13. Nxc5 Nxe2+ 14. Kh1 Na5 15. Nd6+ Kd8 16. Ncxb7+ Nxb7 17. Nxc8 1-0

[Event "Lvov Vasylyshyn Memorial (Women)"]
[Site "Lvov"]
[Date "2010.11.23"]
[Round "1"]
[White "Hryhorenko, Nataliya"]
[Black "Petrenko, Svetlana"]
[Result "1-0"]
[WhiteElo "2344"]
[BlackElo "2256"]
[PlyCount "99"]
[EventDate "2010.11.23"]
[EventType "tourn"]
[EventRounds "9"]
[EventCountry "UKR"]
[SourceTitle "CBM 139 Extra"]
[Source "ChessBase"]
[SourceDate "2011.01.05"]
[SourceVersion "1"]
[SourceVersionDate "2011.01.05"]
[SourceQuality "1"]

1. d4 d5 2. Nf3 Nf6 3. c4 e6 4. g3 c6 5. Bg2 Bb4+ 6. Bd2 Be7 7. 0-0 Ne4 8. Bf4 Nd7 9. Qc2 f5 10. Ne5 0-0 11. f3 Nxe5 12. Bxe5 Nd6 13. Nd2 Nf7 14. Kh1 Nxe5 15. dxe5 d4 16. f4 c5 17. Rfd1 Qe8 18. Nf1 g5 19. e3 dxe3 20. Nxe3 g4 21. Rd3 h5 22. Rad1 h4 23. gxh4 Bxh4 24. Nf1 Qh5 25. h3 Rf7 26. Nh2 Rg7 27. Qe2 Qh6 28. hxg4 Qxf4 29. gxf5 Qxf5 30. Be4 Qg5 31. Rd8+ Qxd8 32. Rxd8+ Bxd8 33. Ng4 Bd7 34. Nh6+ Kh8 35. Qh5 Bc6 36. Ng4+ Kg8 37. Bxc6 bxc6 38. Qe8+ Kh7 39. Qh5+ Kg8 40. Qe8+ Kh7 41. Nf6+ Bxf6 42. Qxa8 Bxe5 43. Qxc6 Bxb2 44. Qxc5 e5 45. Qd5 Bd4 46. c5 Rc7 47. c6 a5 48. a4 Bb6 49. Qb5 Bd4 50. Qb8 1-0

[Event "WMSG Rapid Team KO 1st (Women)"]
[Site "Beijing"]
[Date "2008.10.17"]
[Round "1.1"]
[White "Hryhorenko, Nataliya"]
[Black "Gunina, Valentina"]
[Result "1/2-1/2"]
[WhiteElo "2349"]
[BlackElo "2381"]
[PlyCount "117"]
[EventDate "2008.10.14"]
[EventType "k.o. (rapid)"]
[EventRounds "2"]
[EventCountry "CHN"]
[SourceTitle "CBM 126 Extra"]
[Source "ChessBase"]
[SourceDate "2008.11.05"]
[SourceVersion "1"]
[SourceVersionDate "2008.11.05"]
[SourceQuality "1"]

1. d4 d5 2. c4 e6 3. Nf3 c5 4. cxd5 exd5 5. g3 Nc6 6. Bg2 Nf6 7. 0-0 Be7 8. Nc3 0-0 9. dxc5 Bxc5 10. Bg5 Be6 11. Na4 Be7 12. Be3 Re8 13. Nd4 Bg4 14. Nxc6 bxc6 15. Rc1 Qd7 16. Re1 h5 17. Bc5 h4 18. Bxe7 Rxe7 19. Nc5 Qd6 20. Bf3 hxg3 21. hxg3 Rae8 22. e3 Bf5 23. Qd4 Nh7 24. Qh4 Qe5 25. b3 f6 26. Qf4 Ng5 27. Bg2 Bc8 28. Qxe5 fxe5 29. Nd3 Bd7 30. Rc5 Re6 31. Rec1 Rh6 32. Nb4 Ree6 33. Ra5 Ref6 34. Rxa7 Bg4 35. f4 exf4 36. exf4 Ne4 37. Bxe4 dxe4 38. Kf2 Rh2+ 39. Ke3 Rd6 40. f5 Bxf5 41. Rxc6 Rdd2 42. Rcc7 g5 43. Rg7+ Kh8 44. Rxg5 Rhe2+ 45. Kf4 Rf2+ 46. Ke5 e3 47. Rh5+ Kg8 48. Rxf5 e2 49. Ra8+ Kg7 50. Ra7+ Kg6 51. Ra6+ Kg7 52. Ra7+ Kg6 53. Ra6+ Kg7 54. Ra7+ Kg6 55. Ra6+ Kg7 56. Ra7+ Kg6 57. Ra6+ Kg7 58. Ra7+ Kg6 59. Ra6+ 1/2-1/2

[Event "WMSG Rapid Team 1st (Women)"]
[Site "Beijing"]
[Date "2008.10.15"]
[Round "4"]
[White "Xu, Yuhua"]
[Black "Hryhorenko, Nataliya"]
[Result "1/2-1/2"]
[WhiteElo "2477"]
[BlackElo "2349"]
[PlyCount "44"]
[EventDate "2008.10.14"]
[EventType "team (rapid)"]
[EventRounds "9"]
[EventCountry "CHN"]
[SourceTitle "CBM 126 Extra"]
[Source "ChessBase"]
[SourceDate "2008.11.05"]
[SourceVersion "1"]
[SourceVersionDate "2008.11.05"]
[SourceQuality "1"]

1. e4 e6 2. d4 d5 3. Nc3 Bb4 4. e5 c5 5. a3 Bxc3+ 6. bxc3 Ne7 7. h4 Qa5 8. Bd2 Nbc6 9. h5 cxd4 10. cxd4 Qa4 11. c3 Qxd1+ 12. Rxd1 h6 13. Bd3 Bd7 14. Ne2 Na5 15. Rb1 b6 16. 0-0 Rc8 17. Rb4 Nec6 18. Rbb1 Ne7 19. Rb4 Nec6 20. Rbb1 Ne7 21. Rb4 Nec6 22. Rbb1 Ne7 1/2-1/2

[Event "UKR-ch (Women)"]
[Site "Poltava"]
[Date "2007.12.14"]
[Round "9"]
[White "Hryhorenko, Nataliya"]
[Black "Gritsayeva, Oksana"]
[Result "0-1"]
[WhiteElo "2346"]
[BlackElo "2264"]
[PlyCount "132"]
[EventDate "2007.12.06"]
[EventType "tourn"]
[EventRounds "11"]
[EventCountry "UKR"]
[EventCategory "2"]
[SourceTitle "CBM 121 Extra"]
[Source "ChessBase"]
[SourceDate "2008.01.10"]
[SourceVersion "1"]
[SourceVersionDate "2008.01.10"]
[SourceQuality "1"]

1. d4 Nf6 2. Bg5 Ne4 3. Bh4 c6 4. f3 Qa5+ 5. Nd2 Qh5 6. fxe4 Qxh4+ 7. g3 Qh6 8. Bg2 d6 9. Ngf3 g5 10. c3 Bg7 11. h3 Be6 12. Nf1 Qg6 13. Qd3 f5 14. exf5 Bxf5 15. Qe3 h6 16. g4 Be6 17. Ng3 0-0 18. 0-0 Nd7 19. b3 Rae8 20. Nd2 d5 21. Nf3 a6 22. Rae1 Bf7 23. Ne5 Nxe5 24. dxe5 Be6 25. Nh5 Bh8 26. Qb6 Bxe5 27. Qxb7 Bxc3 28. Rd1 Rxf1+ 29. Rxf1 Bd4+ 30. Kh1 Qc2 31. Qxa6 Be5 32. Qd3 Qxd3 33. exd3 Bf7 34. Rc1 Ra8 35. Rc2 Ra6 36. Bf1 Bg6 37. Kg2 c5 38. Ng3 e6 39. Kf3 Ra5 40. Be2 Bd4 41. Kg2 Kf7 42. Nf1 Ke7 43. Nd2 Kd6 44. Nf3 Be3 45. Ne1 Ra7 46. Bf3 e5 47. Re2 Bd4 48. Kg3 Bc3 49. h4 Re7 50. hxg5 hxg5 51. Bg2 Rf7 52. Nf3 Bxd3 53. Re3 e4 54. Nxg5 Be5+ 55. Kh4 Rf2 56. Nxe4+ dxe4 57. Bxe4 Bxe4 58. Rxe4 Rxa2 59. g5 Kd5 60. Re1 Bd4 61. Rd1 Rb2 62. Rd3 Ke4 63. Rh3 Rg2 64. Kh5 Be3 65. b4 Rxg5+ 66. Kh4 cxb4 0-1

[Event "UKR-ch (Women)"]
[Site "Poltava"]
[Date "2007.12.13"]
[Round "8"]
[White "Vasilevich, Tatjana"]
[Black "Hryhorenko, Nataliya"]
[Result "1/2-1/2"]
[WhiteElo "2377"]
[BlackElo "2346"]
[PlyCount "29"]
[EventDate "2007.12.06"]
[EventType "tourn"]
[EventRounds "11"]
[EventCountry "UKR"]
[EventCategory "2"]
[SourceTitle "CBM 121 Extra"]
[Source "ChessBase"]
[SourceDate "2008.01.10"]
[SourceVersion "1"]
[SourceVersionDate "2008.01.10"]
[SourceQuality "1"]

1. d4 d5 2. c4 c6 3. Nf3 Nf6 4. e3 Bf5 5. Nc3 e6 6. Nh4 Bg6 7. Nxg6 hxg6 8. Bd2 Nbd7 9. Rc1 Bd6 10. g3 Qe7 11. c5 Bc7 12. f4 Ne4 13. Bg2 Nxc3 14. Bxc3 f5 15. h4 1/2-1/2

[Event "UKR-ch (Women)"]
[Site "Poltava"]
[Date "2007.12.10"]
[Round "5"]
[White "Hryhorenko, Nataliya"]
[Black "Kostiukova, Liubov"]
[Result "1-0"]
[WhiteElo "2346"]
[BlackElo "2318"]
[PlyCount "99"]
[EventDate "2007.12.06"]
[EventType "tourn"]
[EventRounds "11"]
[EventCountry "UKR"]
[EventCategory "2"]
[SourceTitle "CBM 121 Extra"]
[Source "ChessBase"]
[SourceDate "2008.01.10"]
[SourceVersion "1"]
[SourceVersionDate "2008.01.10"]
[SourceQuality "1"]

1. d4 Nf6 2. Nf3 g6 3. c4 Bg7 4. g3 0-0 5. Bg2 d6 6. 0-0 Nc6 7. Nc3 a6 8. b3 Rb8 9. Nd5 Nd7 10. Bb2 e6 11. Ne3 Ne7 12. Qd2 Bh6 13. g4 Nf6 14. Qd3 Bxe3 15. fxe3 Nxg4 16. e4 f5 17. exf5 gxf5 18. e4 f4 19. Kh1 Ng6 20. Bh3 e5 21. Bxg4 Bxg4 22. Rg1 Bxf3+ 23. Qxf3 Qf6 24. dxe5 dxe5 25. Rg4 Rbd8 26. Rag1 Rd7 27. Rg5 Re8 28. h4 Qg7 29. h5 Qh6 30. Rxg6+ hxg6 31. Rxg6+ Qxg6 32. hxg6 Kg7 33. Qh5 Rde7 34. Bxe5+ Rxe5 35. Qh7+ Kf6 36. Qf7+ Kg5 37. g7 f3 38. g8Q+ Rxg8 39. Qxg8+ Kf4 40. Qh8 Rxe4 41. Kg1 Re1+ 42. Kf2 Re2+ 43. Kf1 Rxa2 44. Qd4+ Kg3 45. Qe5+ Kg4 46. Qg7+ Kf5 47. Qxc7 Ke4 48. Qxb7+ Ke3 49. Qe7+ Kd3 50. c5 1-0

[Event "UKR-ch (Women)"]
[Site "Poltava"]
[Date "2007.12.07"]
[Round "2"]
[White "Babiy, Olga"]
[Black "Hryhorenko, Nataliya"]
[Result "1-0"]
[WhiteElo "2208"]
[BlackElo "2346"]
[PlyCount "117"]
[EventDate "2007.12.06"]
[EventType "tourn"]
[EventRounds "11"]
[EventCountry "UKR"]
[EventCategory "2"]
[SourceTitle "CBM 121 Extra"]
[Source "ChessBase"]
[SourceDate "2008.01.10"]
[SourceVersion "1"]
[SourceVersionDate "2008.01.10"]
[SourceQuality "1"]

1. e4 e6 2. d4 d5 3. exd5 exd5 4. Bd3 Nc6 5. c3 Bd6 6. h3 Nge7 7. Qc2 Be6 8. Ne2 Qd7 9. Bf4 0-0-0 10. Nd2 h5 11. Bxd6 Qxd6 12. b4 Rde8 13. a4 g6 14. a5 Bf5 15. b5 Nd8 16. 0-0 Kb8 17. Rfb1 Nc8 18. Nb3 Bxd3 19. Qxd3 Re7 20. Qf3 Ne6 21. Ng3 Rhe8 22. Nf1 Ng5 23. Qd3 Ne4 24. Nfd2 Nxd2 25. Nxd2 g5 26. Qf3 Re2 27. Nf1 Qf4 28. Ne3 Qxf3 29. gxf3 Ne7 30. Kf1 Rd2 31. Ke1 Rd3 32. Ke2 Rxc3 33. Kd2 Rxe3 34. fxe3 Nf5 35. Re1 Nd6 36. Rab1 Kc8 37. Kd3 f5 38. b6 axb6 39. axb6 c6 40. Rb2 Kd7 41. Rg2 g4 42. hxg4 fxg4 43. fxg4 hxg4 44. Rxg4 Nc4 45. Rg7+ Kc8 46. Rc7+ Kb8 47. Rh1 Nxb6 48. Rhh7 Ka7 49. Rxb7+ Ka6 50. Ra7+ Kb5 51. Rh1 c5 52. Rb1+ Kc6 53. Ra6 c4+ 54. Kc2 Rb8 55. e4 dxe4 56. d5+ Kc5 57. Ra5+ Kd4 58. Rab5 Rf8 59. Rd1+ 1-0

[Event "Olomouc op"]
[Site "Olomouc"]
[Date "2006.08.05"]
[Round "3"]
[White "Hryhorenko, Nataliya"]
[Black "Vrana, Jan"]
[Result "1/2-1/2"]
[WhiteElo "2328"]
[BlackElo "2162"]
[PlyCount "97"]
[EventDate "2006.08.03"]
[EventType "swiss"]
[EventRounds "9"]
[EventCountry "CZE"]
[SourceTitle "CBM 113 Extra"]
[Source "ChessBase"]
[SourceDate "2006.09.14"]
[SourceVersion "1"]
[SourceVersionDate "2006.09.14"]
[SourceQuality "1"]

1. d4 d5 2. Nf3 c5 3. c4 e6 4. cxd5 exd5 5. g3 Nc6 6. Bg2 Nf6 7. 0-0 Be6 8. Nc3 Be7 9. dxc5 Bxc5 10. Ng5 0-0 11. Nxe6 fxe6 12. e3 Qe7 13. b3 Rad8 14. Na4 Bd6 15. Bb2 Ne5 16. Nc3 a6 17. Qe2 Nf7 18. Rad1 Bb8 19. f4 Ba7 20. Kh1 Nh6 21. Nb1 Rfe8 22. Bd4 b5 23. Nd2 Nf5 24. Nf3 Ne4 25. Qe1 Rc8 26. g4 Nfd6 27. Nd2 Nc3 28. Ra1 b4 29. Bxa7 Qxa7 30. a3 bxa3 31. Rxa3 Ncb5 32. Ra2 Rc3 33. e4 dxe4 34. Nxe4 Re3 35. Re2 Rxe2 36. Qxe2 Nxe4 37. Qxe4 Qd7 38. Rc1 Qd6 39. Qc4 Kf8 40. Be4 g6 41. Bg2 Qd4 42. Qc6 Qd6 43. Qf3 Rd8 44. f5 exf5 45. gxf5 Nd4 46. Qh3 Nxf5 47. Qxh7 Qf6 48. Qc7 Rd6 49. Qc8+ 1/2-1/2

[Event "EU-ch (Women) 7th"]
[Site "Kusadasi"]
[Date "2006.04.14"]
[Round "10"]
[White "Danielian, Elina"]
[Black "Hryhorenko, Nataliya"]
[Result "1-0"]
[WhiteElo "2423"]
[BlackElo "2323"]
[PlyCount "83"]
[EventDate "2006.04.04"]
[EventType "swiss"]
[EventRounds "11"]
[EventCountry "TUR"]
[SourceTitle "CBM 111 Extra"]
[Source "ChessBase"]
[SourceDate "2006.05.09"]
[SourceVersion "1"]
[SourceVersionDate "2006.05.09"]
[SourceQuality "1"]

1. Nf3 d5 2. e3 Nf6 3. c4 c6 4. Nc3 Bf5 5. cxd5 cxd5 6. Qb3 Qb6 7. Nxd5 Nxd5 8. Qxd5 e6 9. Qb5+ Nc6 10. Nd4 Bg6 11. Qxb6 axb6 12. Bb5 Rc8 13. Ke2 e5 14. Nxc6 bxc6 15. Ba6 Rd8 16. d3 Be7 17. e4 f5 18. f3 b5 19. a4 fxe4 20. dxe4 Bf7 21. axb5 Bc4+ 22. Kf2 cxb5 23. Be3 0-0 24. Rhd1 Rxd1 25. Rxd1 Ra8 26. Bb7 Ra2 27. Rd2 Bb4 28. Rc2 Bb3 29. Bd5+ Bxd5 30. exd5 Kf7 31. Ke2 Ba3 32. Bc1 Bd6 33. Kd3 Ke7 34. Rc6 Ra4 35. Be3 Ra1 36. Rb6 Rd1+ 37. Ke4 b4 38. Rb7+ Kf6 39. g4 h6 40. h4 Be7 41. g5+ Kf7 42. d6 1-0

[Event "EU-ch (Women) 7th"]
[Site "Kusadasi"]
[Date "2006.04.12"]
[Round "8"]
[White "Schuurman, Petra"]
[Black "Hryhorenko, Nataliya"]
[Result "1/2-1/2"]
[WhiteElo "2234"]
[BlackElo "2323"]
[PlyCount "106"]
[EventDate "2006.04.04"]
[EventType "swiss"]
[EventRounds "11"]
[EventCountry "TUR"]
[SourceTitle "CBM 111 Extra"]
[Source "ChessBase"]
[SourceDate "2006.05.09"]
[SourceVersion "1"]
[SourceVersionDate "2006.05.09"]
[SourceQuality "1"]

1. d4 d5 2. c4 c6 3. Nc3 dxc4 4. e3 b5 5. a4 b4 6. Ne4 Qd5 7. Nd2 c3 8. bxc3 bxc3 9. Nb1 Qa5 10. Qc2 e5 11. Nf3 exd4 12. exd4 Nf6 13. Bc4 Ba6 14. Qe2+ Be7 15. 0-0 Bxc4 16. Qxc4 0-0 17. Bg5 Nbd7 18. Nxc3 Nb6 19. Qd3 Rfe8 20. Ne5 Nfd7 21. Bxe7 Nxe5 22. dxe5 Rxe7 23. f4 h6 24. Ne4 Kh8 25. Nd6 Rd7 26. Qg3 Nd5 27. Nf5 Rg8 28. Rac1 Qb6+ 29. Kh1 c5 30. a5 Qa6 31. Rfd1 g5 32. Qb3 Qe6 33. Nxh6 Qxh6 34. Rxd5 Rxd5 35. Qxd5 gxf4 36. Rc3 f3 37. Qxf3 Rg5 38. Qf6+ Qxf6 39. exf6 Rd5 40. Kg1 Kh7 41. Rg3 Kh6 42. Rg7 Rd7 43. Kf2 c4 44. Rg4 Rc7 45. Ke2 c3 46. Kd1 c2+ 47. Kc1 Rc6 48. Rf4 Rc5 49. Rf2 Rxa5 50. Rxc2 Kg6 51. Kd2 Ra3 52. Rc3 Ra2+ 53. Rc2 Ra3 1/2-1/2

[Event "EU-ch (Women) 7th"]
[Site "Kusadasi"]
[Date "2006.04.07"]
[Round "4"]
[White "Ushenina, Anna"]
[Black "Hryhorenko, Nataliya"]
[Result "1/2-1/2"]
[WhiteElo "2398"]
[BlackElo "2323"]
[PlyCount "80"]
[EventDate "2006.04.04"]
[EventType "swiss"]
[EventRounds "11"]
[EventCountry "TUR"]
[SourceTitle "CBM 111 Extra"]
[Source "ChessBase"]
[SourceDate "2006.05.09"]
[SourceVersion "1"]
[SourceVersionDate "2006.05.09"]
[SourceQuality "1"]

1. d4 d5 2. c4 c6 3. Nf3 Nf6 4. Nc3 dxc4 5. a4 Bf5 6. e3 e6 7. a5 Bb4 8. Qa4 Qe7 9. Bxc4 Nbd7 10. 0-0 0-0 11. Be2 Ne4 12. Qb3 b6 13. axb6 axb6 14. Rxa8 Rxa8 15. Nh4 h6 16. Nxf5 exf5 17. f3 Nef6 18. Bd3 Ra1 19. Ne2 g6 20. e4 c5 21. exf5 g5 22. Bc4 cxd4 23. Nxd4 Bc5 24. Be3 Rxf1+ 25. Kxf1 Ne5 26. Be2 Qd7 27. Qb5 Qd6 28. Nc2 Nc6 29. Bxc5 bxc5 30. Qb7 Ne7 31. Ne3 Ned5 32. Nxd5 Nxd5 33. Kf2 Nf4 34. Qe4 Nxe2 35. Qxe2 Qxh2 36. f6 Qh4+ 37. Kf1 Qh1+ 38. Kf2 Qh4+ 39. Kf1 Qh1+ 40. Kf2 Qh4+ 1/2-1/2

[Event "EU-ch (Women) 7th"]
[Site "Kusadasi"]
[Date "2006.04.06"]
[Round "3"]
[White "Hryhorenko, Nataliya"]
[Black "Bashkite, Viktoria"]
[Result "1-0"]
[WhiteElo "2323"]
[BlackElo "2217"]
[PlyCount "59"]
[EventDate "2006.04.04"]
[EventType "swiss"]
[EventRounds "11"]
[EventCountry "TUR"]
[SourceTitle "CBM 111 Extra"]
[Source "ChessBase"]
[SourceDate "2006.05.09"]
[SourceVersion "1"]
[SourceVersionDate "2006.05.09"]
[SourceQuality "1"]

1. d4 e6 2. Nf3 b6 3. e4 Bb7 4. Bd3 c5 5. c3 cxd4 6. cxd4 Nf6 7. Nc3 Bb4 8. Qc2 h6 9. 0-0 Nc6 10. d5 exd5 11. e5 Bxc3 12. bxc3 Ng8 13. Nd4 Nge7 14. f4 d6 15. Ba3 dxe5 16. fxe5 0-0 17. e6 Ne5 18. exf7+ Rxf7 19. Rxf7 Kxf7 20. Bh7 Ng8 21. Qf5+ Qf6 22. Rf1 Re8 23. Qb1 Qxf1+ 24. Qxf1+ Nf6 25. Bc2 Nc4 26. Bc1 Ba6 27. Bd3 Kg8 28. h3 Ne4 29. Qf5 Re5 30. Qg6 1-0